|
|
|
แสดงรายละเอียดบรรณานุกรม |
|
|
Brief Record
: Get Marc (ISO 2709)
: E-mail record
: |
|
|
| LEADER 00000nam 2200000uu 4500 | |||
| 001 51711 | |||
| 003 ULIBM | |||
| 008 181114s||||||||th 000 0 tha d | |||
| 020 ^a ^a 9742756864 | |||
| 082 0 ^a579.5 ^bพ-ร | |||
| 100 0 ^a พิไลพรรณ พงษ์พูล | |||
| 245 00 ^a ราวิทยาเบื้องต้น | |||
| 245 ^c พิไลพรรณ พงษ์พูล | |||
| 250 ^a พิมพ์ครั้งที่1 | |||
| 260 ^a กรุงเทพฯ ^b โอ.เอส.พริ้นติ้ง เฮ้าส์ ^c2525 | |||
| 300 ^a 250 หน้า 55 บาท | |||
| 600 00 ^a ราวิทยาเบื้องต้น | |||
| 650 0 ^a ราวิทยาเบื้องต้น | |||
| 650 0 ^a ราเบื้องต้น | |||
| 999 ^aMATINA MALAWONG | |||
| คุณยังไม่ได้ล็อกอิน คุณสามารถมีกิจกรรมร่วมกับเว็บไซต์ได้ แต่ต้องล็อกอินก่อน :: |
|
| สถานะ | |||||||||
| 1. | หนังสือ | 579.5 พ-ร c.1 Barcode: 901111 | ►นวนิยาย | On Shelf ขอยืม | |||||
| 2. | หนังสือ | 579.5 พ-ร c.2 Barcode: 901112 | ►นวนิยาย | On Shelf ขอยืม | |||||
| [แสดง 2/2 รายการ] | |||||||||

BibComment |
| คอมเมนท์ทรัพยากรรายการนี้ |
|
|
ห้องสมุดโรงเรียนสามัคคีวิทยาคม
159 ถ.บรรพปราการ ต.เวียง อ.เมือง จ.เชียงราย 57000
โทร. 053-711018 โทรสาร 053-713003